| 000 | 00772nas a2200253 4500 | ||
|---|---|---|---|
| 001 | BR9209368 | ||
| 003 | BR-BrBNA | ||
| 005 | 20231205093248.0 | ||
| 007 | ta | ||
| 008 | 230509b bl.|||p| |||| 00| 00por d | ||
| 040 |
_aBR-BrBNA _bpor _cBiblioteca Nacional de Agricultura |
||
| 041 | _a(Pt) | ||
| 072 | _aL60 | ||
| 100 | 1 | _aGayer, S.M.P. | |
| 100 | 1 | _aKrause, L. | |
| 100 | 1 | _aGomes, N. | |
| 245 | 1 | _aLista preliminar dos anfibios da estacao ecologica do Taim, Rio Grande do Sul, Brasil | |
| 650 | _aFAUNA | ||
| 650 | _aTAXONOMIA ANIMAL | ||
| 650 | _aDISTRIBUICAO GEOGRAFICA | ||
| 773 | 0 |
_tRevista Brasileira de Zoologia (Brazil) _xISSN 0101-8175 _g(Sep 1988), v. 5(3) p. 419-425 _wBR9209368 |
|
| 909 |
_a202311 _bLúcia _c55 _dLúcia Elande |
||
| 942 |
_2AGRIS _n0 _cANA |
||
| 999 |
_c137160 _d137160 |
||